| 000 | 00539nam a2200229Ia 4500 | ||
|---|---|---|---|
| 003 | OSt | ||
| 005 | 20220912144328.0 | ||
| 006 | a|||||r|||| 00| 0 | ||
| 007 | ta | ||
| 008 | 220909b |||||||| |||| 00| 0 eng d | ||
| 020 | _aSL01175379 | ||
| 024 | _a196037 | ||
| 037 | _cTextbook | ||
| 040 |
_aCSL _beng _cCSL |
||
| 041 | _aeng | ||
| 082 | _aL:4:56, P0;2 Tk | ||
| 100 | _aBenjamini E | ||
| 245 | 0 | _aImmunology | |
| 700 | _aBenjamini E | ||
| 942 |
_hL:4:56, P0;2 Tk _cTB _2CC |
||
| 999 |
_c5046 _d5046 |
||